<?xml version="1.0" encoding="UTF-8"?>
<record
    xmlns:xsi="http://www.w3.org/2001/XMLSchema-instance"
    xsi:schemaLocation="http://www.loc.gov/MARC21/slim http://www.loc.gov/standards/marcxml/schema/MARC21slim.xsd"
    xmlns="http://www.loc.gov/MARC21/slim">

  <leader>02586nam0a2200433   4500</leader>
  <controlfield tag="001">RU\NLR\bibl\1723815</controlfield>
  <controlfield tag="005">20260408012512.0</controlfield>
  <datafield tag="010" ind1=" " ind2=" ">
    <subfield code="a">978-5-9902549-1-6</subfield>
    <subfield code="9">100</subfield>
  </datafield>
  <datafield tag="021" ind1=" " ind2=" ">
    <subfield code="a">RU</subfield>
    <subfield code="b">2010-98629</subfield>
    <subfield code="9">6654</subfield>
  </datafield>
  <datafield tag="035" ind1=" " ind2=" ">
    <subfield code="a">(nilc)RSL-KNO-004863546</subfield>
  </datafield>
  <datafield tag="035" ind1=" " ind2=" ">
    <subfield code="a">(NLR Aleph) 001714794</subfield>
  </datafield>
  <datafield tag="090" ind1=" " ind2=" ">
    <subfield code="a">1302626</subfield>
    <subfield code="c">1302626</subfield>
  </datafield>
  <datafield tag="100" ind1=" " ind2=" ">
    <subfield code="a">20101213d2010    |||y0rusy50      ca</subfield>
  </datafield>
  <datafield tag="101" ind1="0" ind2=" ">
    <subfield code="a">rus</subfield>
  </datafield>
  <datafield tag="102" ind1=" " ind2=" ">
    <subfield code="a">RU</subfield>
  </datafield>
  <datafield tag="105" ind1=" " ind2=" ">
    <subfield code="a">a   |||||||||</subfield>
  </datafield>
  <datafield tag="200" ind1="1" ind2=" ">
    <subfield code="a">"&#x418; &#x43F;&#x430;&#x43C;&#x44F;&#x442;&#x43D;&#x438;&#x43A;&#x438; &#x434;&#x44B;&#x448;&#x430;&#x442;, &#x43A;&#x430;&#x43A; &#x436;&#x438;&#x432;&#x44B;&#x435;"</subfield>
    <subfield code="e">(&#x43F;&#x430;&#x43C;&#x44F;&#x442;&#x43D;&#x438;&#x43A;&#x438; &#x431;&#x43E;&#x435;&#x432;&#x43E;&#x439; &#x441;&#x43B;&#x430;&#x432;&#x44B;, &#x443;&#x441;&#x442;&#x430;&#x43D;&#x43E;&#x432;&#x43B;&#x435;&#x43D;&#x43D;&#x44B;&#x435; &#x43D;&#x430; &#x41A;&#x443;&#x440;&#x441;&#x43A;&#x43E;&#x439; &#x437;&#x435;&#x43C;&#x43B;&#x435; &#x432; &#x447;&#x435;&#x441;&#x442;&#x44C; &#x441;&#x43E;&#x431;&#x44B;&#x442;&#x438;&#x439; &#x412;&#x435;&#x43B;&#x438;&#x43A;&#x43E;&#x439; &#x41E;&#x442;&#x435;&#x447;&#x435;&#x441;&#x442;&#x432;&#x435;&#x43D;&#x43D;&#x43E;&#x439; &#x432;&#x43E;&#x439;&#x43D;&#x44B;)</subfield>
    <subfield code="f">[&#x410;. &#x42E;. &#x417;&#x43E;&#x43B;&#x43E;&#x442;&#x443;&#x445;&#x438;&#x43D;, &#x434;.&#x438;&#x441;&#x442;.&#x43D;. &#x412;.&#x412;. &#x41A;&#x43E;&#x440;&#x43E;&#x432;&#x438;&#x43D;, &#x43A;.&#x438;&#x441;&#x442;.&#x43D;. &#x410;.&#x41D;. &#x41C;&#x430;&#x43D;&#x436;&#x43E;&#x441;&#x43E;&#x432;]</subfield>
    <subfield code="g">&#x42E;&#x433;&#x43E;-&#x417;&#x430;&#x43F;&#x430;&#x434;&#x43D;&#x43E;&#x435; &#x43E;&#x442;&#x434;-&#x43D;&#x438;&#x435; &#x410;&#x43A;&#x430;&#x434;. &#x432;&#x43E;&#x435;&#x43D;&#x43D;&#x43E;-&#x438;&#x441;&#x442;&#x43E;&#x440;&#x438;&#x447;&#x435;&#x441;&#x43A;&#x438;&#x445; &#x43D;&#x430;&#x443;&#x43A;</subfield>
  </datafield>
  <datafield tag="210" ind1=" " ind2=" ">
    <subfield code="a">&#x41A;&#x443;&#x440;&#x441;&#x43A;</subfield>
    <subfield code="c">&#x42E;&#x433;&#x43E;-&#x417;&#x430;&#x43F;&#x430;&#x434;&#x43D;&#x43E;&#x435; &#x43E;&#x442;&#x434;-&#x43D;&#x438;&#x435; &#x410;&#x43A;&#x430;&#x434;. &#x432;&#x43E;&#x435;&#x43D;&#x43D;&#x43E;-&#x438;&#x441;&#x442;&#x43E;&#x440;&#x438;&#x447;&#x435;&#x441;&#x43A;&#x438;&#x445; &#x43D;&#x430;&#x443;&#x43A;</subfield>
    <subfield code="d">2010</subfield>
  </datafield>
  <datafield tag="215" ind1=" " ind2=" ">
    <subfield code="a">103 &#x441;.</subfield>
    <subfield code="c">&#x438;&#x43B;.</subfield>
    <subfield code="d">21</subfield>
  </datafield>
  <datafield tag="225" ind1="1" ind2=" ">
    <subfield code="a">&#x421;&#x435;&#x440;&#x438;&#x44F; "&#x41F;&#x430;&#x43C;&#x44F;&#x442;&#x43D;&#x438;&#x43A;&#x438; &#x440;&#x430;&#x442;&#x43D;&#x43E;&#x439; &#x441;&#x43B;&#x430;&#x432;&#x44B;"</subfield>
  </datafield>
  <datafield tag="300" ind1=" " ind2=" ">
    <subfield code="a">&#x410;&#x432;&#x442;. &#x443;&#x43A;&#x430;&#x437;&#x430;&#x43D;&#x44B; &#x43D;&#x430; &#x43E;&#x431;&#x43E;&#x440;&#x43E;&#x442;&#x435; &#x442;&#x438;&#x442;. &#x43B;.</subfield>
  </datafield>
  <datafield tag="320" ind1=" " ind2=" ">
    <subfield code="a">&#x411;&#x438;&#x431;&#x43B;&#x438;&#x43E;&#x433;&#x440;. &#x432; &#x43F;&#x43E;&#x434;&#x441;&#x442;&#x440;&#x43E;&#x447;. &#x43F;&#x440;&#x438;&#x43C;&#x435;&#x447;.</subfield>
  </datafield>
  <datafield tag="606" ind1="1" ind2=" ">
    <subfield code="a">&#x412;&#x435;&#x43B;&#x438;&#x43A;&#x430;&#x44F; &#x41E;&#x442;&#x435;&#x447;&#x435;&#x441;&#x442;&#x432;&#x435;&#x43D;&#x43D;&#x430;&#x44F; &#x432;&#x43E;&#x439;&#x43D;&#x430;</subfield>
    <subfield code="x">&#x423;&#x432;&#x435;&#x43A;&#x43E;&#x432;&#x435;&#x447;&#x435;&#x43D;&#x438;&#x435; &#x43F;&#x430;&#x43C;&#x44F;&#x442;&#x438;</subfield>
    <subfield code="y">&#x41A;&#x443;&#x440;&#x441;&#x43A;&#x430;&#x44F; &#x43E;&#x431;&#x43B;&#x430;&#x441;&#x442;&#x44C;</subfield>
    <subfield code="z">1941 - 1945</subfield>
    <subfield code="9">2628457</subfield>
    <subfield code="3">RU\NLR\auth\661565017</subfield>
  </datafield>
  <datafield tag="686" ind1=" " ind2=" ">
    <subfield code="a">&#x422;3(2)722&#x43B;60</subfield>
    <subfield code="2">rubbk</subfield>
  </datafield>
  <datafield tag="686" ind1=" " ind2=" ">
    <subfield code="a">&#x422;3(2&#x420;-4&#x41A;&#x443;&#x440;&#x441;)722&#x43B;60</subfield>
    <subfield code="2">rubbk</subfield>
  </datafield>
  <datafield tag="686" ind1=" " ind2=" ">
    <subfield code="a">&#x422;3(2)722.9-9(2&#x420;-4&#x41A;&#x443;&#x440;&#x441;)</subfield>
  </datafield>
  <datafield tag="686" ind1=" " ind2=" ">
    <subfield code="a">&#x422;3(2)722.78</subfield>
  </datafield>
  <datafield tag="686" ind1=" " ind2=" ">
    <subfield code="a">&#x426;35(2)722&#x43B;(2&#x420;-4&#x41A;&#x443;&#x440;&#x441;)6</subfield>
  </datafield>
  <datafield tag="700" ind1=" " ind2="1">
    <subfield code="4">070</subfield>
    <subfield code="a">&#x417;&#x43E;&#x43B;&#x43E;&#x442;&#x443;&#x445;&#x438;&#x43D;</subfield>
    <subfield code="b">&#x410;. &#x42E;.</subfield>
    <subfield code="c">&#x43A;&#x430;&#x43D;&#x434;. &#x438;&#x441;&#x442;. &#x43D;&#x430;&#x443;&#x43A;, &#x43E;&#x442;&#x435;&#x447;&#x435;&#x441;&#x442;&#x432;&#x435;&#x43D;&#x43D;&#x430;&#x44F; &#x438;&#x441;&#x442;&#x43E;&#x440;&#x438;&#x44F;</subfield>
    <subfield code="g">&#x410;&#x43B;&#x435;&#x43A;&#x441;&#x435;&#x439; &#x42E;&#x440;&#x44C;&#x435;&#x432;&#x438;&#x447;</subfield>
    <subfield code="9">147619</subfield>
    <subfield code="3">RU\NLR\AUTH\770147655</subfield>
  </datafield>
  <datafield tag="701" ind1=" " ind2="1">
    <subfield code="4">070</subfield>
    <subfield code="a">&#x41A;&#x43E;&#x440;&#x43E;&#x432;&#x438;&#x43D;</subfield>
    <subfield code="b">&#x412;. &#x412;.</subfield>
    <subfield code="c">&#x434;-&#x440; &#x438;&#x441;&#x442;. &#x43D;&#x430;&#x443;&#x43A;, &#x43E;&#x442;&#x435;&#x447;&#x435;&#x441;&#x442;&#x432;. &#x438;&#x441;&#x442;&#x43E;&#x440;&#x438;&#x44F;</subfield>
    <subfield code="f">1969-</subfield>
    <subfield code="g">&#x412;&#x43B;&#x430;&#x434;&#x438;&#x43C;&#x438;&#x440; &#x412;&#x438;&#x43A;&#x442;&#x43E;&#x440;&#x43E;&#x432;&#x438;&#x447;</subfield>
    <subfield code="9">147611</subfield>
    <subfield code="3">RU\NLR\AUTH\770147647</subfield>
  </datafield>
  <datafield tag="701" ind1=" " ind2="1">
    <subfield code="4">070</subfield>
    <subfield code="8">rus</subfield>
    <subfield code="7">ca</subfield>
    <subfield code="a">&#x41C;&#x430;&#x43D;&#x436;&#x43E;&#x441;&#x43E;&#x432;</subfield>
    <subfield code="b">&#x410;. &#x41D;.</subfield>
    <subfield code="c">&#x43A;&#x430;&#x43D;&#x434;. &#x438;&#x441;&#x442;. &#x43D;&#x430;&#x443;&#x43A;, &#x43A;&#x430;&#x43D;&#x434;. &#x43C;&#x435;&#x434;. &#x43D;&#x430;&#x443;&#x43A;</subfield>
    <subfield code="f">1951-</subfield>
    <subfield code="g">&#x410;&#x43B;&#x435;&#x43A;&#x441;&#x430;&#x43D;&#x434;&#x440; &#x41D;&#x438;&#x43A;&#x43E;&#x43B;&#x430;&#x435;&#x432;&#x438;&#x447;</subfield>
    <subfield code="3">RU\NLR\AUTH\7799064</subfield>
    <subfield code="9">81990</subfield>
  </datafield>
  <datafield tag="712" ind1="0" ind2="2">
    <subfield code="4">570</subfield>
    <subfield code="a">&#x410;&#x43A;&#x430;&#x434;&#x435;&#x43C;&#x438;&#x44F; &#x432;&#x43E;&#x435;&#x43D;&#x43D;&#x43E;-&#x438;&#x441;&#x442;&#x43E;&#x440;&#x438;&#x447;&#x435;&#x441;&#x43A;&#x438;&#x445; &#x43D;&#x430;&#x443;&#x43A;</subfield>
    <subfield code="c">&#x421;&#x430;&#x43D;&#x43A;&#x442;-&#x41F;&#x435;&#x442;&#x435;&#x440;&#x431;&#x443;&#x440;&#x433;</subfield>
    <subfield code="b">&#x42E;&#x433;&#x43E;-&#x437;&#x430;&#x43F;&#x430;&#x434;&#x43D;&#x43E;&#x435; &#x43E;&#x442;&#x434;&#x435;&#x43B;&#x435;&#x43D;&#x438;&#x435;</subfield>
    <subfield code="c">&#x41A;&#x443;&#x440;&#x441;&#x43A;</subfield>
    <subfield code="3">RU\NLR\AUTH\8810174698</subfield>
    <subfield code="9">845446</subfield>
  </datafield>
  <datafield tag="801" ind1=" " ind2="0">
    <subfield code="a">RU</subfield>
    <subfield code="b">RuMoRKP</subfield>
    <subfield code="c">20101213</subfield>
    <subfield code="g">rcr</subfield>
  </datafield>
  <datafield tag="801" ind1=" " ind2="1">
    <subfield code="a">RU</subfield>
    <subfield code="b">RuMoRGB</subfield>
    <subfield code="c">20101213</subfield>
  </datafield>
  <datafield tag="801" ind1=" " ind2="2">
    <subfield code="a">RU</subfield>
    <subfield code="b">NLR</subfield>
    <subfield code="c">20110118</subfield>
    <subfield code="g">rcr</subfield>
  </datafield>
  <datafield tag="942" ind1=" " ind2=" ">
    <subfield code="c">BOOK</subfield>
  </datafield>
  <datafield tag="980" ind1=" " ind2=" ">
    <subfield code="a">NB</subfield>
  </datafield>
  <datafield tag="995" ind1=" " ind2=" ">
    <subfield code="5">2011-01-18</subfield>
    <subfield code="a">ad</subfield>
    <subfield code="b">NLR01</subfield>
    <subfield code="c">NLR01</subfield>
    <subfield code="e">RF8</subfield>
    <subfield code="f">1-1510383</subfield>
    <subfield code="k">2011-3/1003</subfield>
    <subfield code="o">0</subfield>
    <subfield code="r">BOOK</subfield>
    <subfield code="s">201131003_</subfield>
  </datafield>
  <datafield tag="995" ind1=" " ind2=" ">
    <subfield code="5">2011-01-18</subfield>
    <subfield code="a">ad</subfield>
    <subfield code="b">NLR01</subfield>
    <subfield code="c">NLR01</subfield>
    <subfield code="e">RF8</subfield>
    <subfield code="f">3335041</subfield>
    <subfield code="k">2011-3/1003</subfield>
    <subfield code="o">0</subfield>
    <subfield code="r">BOOK</subfield>
    <subfield code="s">201131003_</subfield>
  </datafield>
</record>
